| 000 -LEADER |
| fixed length control field |
01395pab a2200181 454500 |
| 008 - FIXED-LENGTH DATA ELEMENTS--GENERAL INFORMATION |
| fixed length control field |
180718b1996 xxu||||| |||| 00| 0 eng d |
| 100 ## - MAIN ENTRY--PERSONAL NAME |
| Personal name |
Nair, Sanjiv |
| 245 ## - TITLE STATEMENT |
| Title |
State revenue deficits, public debt and liquidity: Government of Uttar Pradesh case |
| 260 ## - PUBLICATION, DISTRIBUTION, ETC. |
| Date of publication, distribution, etc. |
1996 |
| 300 ## - PHYSICAL DESCRIPTION |
| Extent |
p.692-706. |
| 362 ## - DATES OF PUBLICATION AND/OR SEQUENTIAL DESIGNATION |
| Dates of publication and/or sequential designation |
Oct-Dec |
| 520 ## - SUMMARY, ETC. |
| Summary, etc. |
Highlighting the proportion of States' budgets to the Central budget in India and the measures of deficit budget needed to understand fiscal stance of a state government, the author analyses trends in state governments' revenue deficits, based on relevant data for 1984-91. He discovers states' increasing tendency towards chronic revenue deficits and dis-savings. The author, focusing on Government of U.P., analyses fiscal and administrative developments in the state and its use of deficit measures to make some generalisations to facilitate a broader understanding on fiscal position of state governments in India. He then, on the basis of computation of data on deficit measures in U.P. for 1979-91, discusses emerging liquidity and debt constraints in view of behaviours of: (1) revenue and operational deficits, (2) primary deficits, and (3) the real rate of interest. - Reproduced |
| 650 ## - SUBJECT ADDED ENTRY--TOPICAL TERM |
| Topical term or geographic name entry element |
Public finance - India - Uttar Pradesh |
| 650 ## - SUBJECT ADDED ENTRY--TOPICAL TERM |
| Topical term or geographic name entry element |
Public finance |
| 773 ## - HOST ITEM ENTRY |
| Main entry heading |
Indian Journal of Public Administration |
| 908 ## - PUT COMMAND PARAMETER (RLIN) |
| Put command parameter |
N |
| 909 ## - |
| -- |
33450 |